000 01195nam a2200301 i 4500
003 EG-GICUC
005 20260121101334.0
008 251123s1988 su ||||fr|||| 001 0 ara d
040 _a EG-GICUC
_bara
_c EG-GICUC
_d EG-GICUC
_erda
041 _aara
082 0 4 _a343.421
_bم ح . ج
_221
092 0 4 _221
099 _aLaw1 10 343.421 م ح . ج 1988 1006867
100 0 _aمحمد فتحي عيد.
_eمؤلف.
245 1 0 _aجريمة تعاطي المخدرات في القانون المقارن.
_nالجزء الأول /
_cاللواء الدكتور محمد فتحي عيد.
264 1 _aالرياض :
_bالمركز العربي للدرسات الأمنية والتدريب،
_c1988.
300 _a407 صفحة ؛
_c24 سم.
336 _2rda content
_atext
337 _2rda media
_aComputer
338 _2rda carrier
_aOnline Resource
504 _aيشتمل على ارجاعات ببليوجرافية.
546 _aالنص باللغة العربية
650 1 _a التشريعات المتعلقة بالمخدرات.
_2qrmak
651 1 _2qrmak
856 4 0 _uhttps://fll.law.cu.edu.eg/fulltext/bks/B10-06867.pdf
905 _a18
942 _2ddc
_n0
_cBK
_e21
999 _c45462
_d45462